01237nam a2200265 a 450000100100000000500170001000800410002704000250006808200200009310000410011324500400015426000380019430000200023259000610025259000260031350000630033965000290040265000310043191000370046204900090049995201320050895201910064095201230083199900170095400001234220240412074231.0091111s1983 dr 000 0 spa d aDO-SdBNPbspacBNPHU aRD863.44bG216f1 aGarcía Romero, Rafaeld1957-9167110aFisión /cRafael García Romero. aSanto Domingo :bUrgentes,c1983. a50 p. ;c21 cm. aLa biblioteca posee 1 copia autografíada por el autor. aInventariado, 2020/BT aIncluye datos biográficos del autor en la contracubierta 0aCuentos dominicanos9176 0aLiteratura dominicana.967 aValidado. Control de calidad MFF aBNPD 001154708DSaGRbGRcMId2011-08-05iLF1l0oRD863.44 G216fp12342-30r2020-06-25te.3w2020-06-25yLFDSZPréstamo en sala 0010718PDaPDbPDcHDd2009-11-11iLF1l0oRD863.44 G216fp12342-10r2020-06-25w2020-06-25yLFPDzPerteneció a la biblioteca personal de Juan Isidro Jimenes Grullón.ZNo se presta 0010718PDaPDbPDcHDd2009-11-11iLF1l0oRD863.44 G216fp12342-20r2020-06-25te.2w2020-06-25yLFPDZNo se presta c11999d11999